LEADER 01024nam--2200349---450- 001 990000532260203316 005 20090408122053.0 010 $a88-8233-171-7 035 $a0053226 035 $aUSA010053226 035 $a(ALEPH)000053226USA01 035 $a0053226 100 $a20010629d2001----km-y0itay0103----ba 101 $aita 102 $aIT 105 $a||||||||001yy 200 1 $aTenere la contabilità$eedizione 2001$fDaniele Balducci 210 $aMilano$cFAG$dcopyr.2001 215 $a652 p.$d24 cm 606 0 $aAziende$xTributi$xContabilità$xGuide pratiche 676 $a657.63 700 1$aBALDUCCI,$bDaniele$0279469 912 $a990000532260203316 951 $a657.63 BAL 1 (IRA 25 391)$b9519 E.C.$cIRA 25$d00074942 959 $aBK 969 $aECO 979 $aPAOLA$b40$c20010629$lUSA01$h1405 979 $c20020403$lUSA01$h1702 979 $aPATRY$b90$c20040406$lUSA01$h1637 979 $aRSIAV4$b90$c20090408$lUSA01$h1220 996 $aTenere la contabilità$9886464 997 $aUNISA LEADER 01671nam 2200529 450 001 9910466923103321 005 20200520144314.0 010 $a3-11-143297-1 024 7 $a10.1515/9783111432977 035 $a(CKB)3800000000419306 035 $a(MiAaPQ)EBC5157559 035 $a(DE-B1597)115501 035 $a(OCoLC)1002222290 035 $a(DE-B1597)9783111432977 035 $a(Au-PeEL)EBL5157559 035 $a(CaPaEBR)ebr11567754 035 $a(OCoLC)1039691502 035 $a(EXLCZ)993800000000419306 100 $a20180816d1901 uy 0 101 0 $ager 135 $aurcnu|||||||| 181 $ctxt$2rdacontent 182 $cc$2rdamedia 183 $acr$2rdacarrier 200 00$aAcarina $eHydrachnidae und Halacaridae /$fbearbeitet von R. Piersig und H. Lohmann 205 $aReprint 2017 210 1$aBerlin :$cVerlag von R. Friedla?nder und Sohn,$d1901. 215 $a1 online resource (356 pages) 225 1 $aDas Tierreich ;$v13 311 $a3-11-106746-7 327 $tFrontmatter -- $tVorbemerkung -- $tInhalt -- $tLitteratur-Kürzungen -- $tSystematischer Index -- $tFam. Hydrachnidae -- $tFam. Halacaridae -- $tZusätze und Berichtigungen -- $tAlphabetisches Register -- $tNomenciator generum et subgenerum 410 0$aTierreich ;$v13. 606 $aMites 606 $aWater mites 608 $aElectronic books. 615 0$aMites. 615 0$aWater mites. 676 $a595.42 702 $aPiersig$b R. 702 $aLohmann$b H. 801 0$bMiAaPQ 801 1$bMiAaPQ 801 2$bMiAaPQ 906 $aBOOK 912 $a9910466923103321 996 $aAcarina$91975269 997 $aUNINA